| 000 | 00529nam a22001697a 4500 | ||
|---|---|---|---|
| 005 | 20160808111832.0 | ||
| 010 | _a1617EN | ||
| 020 |
_a9780195671087 _c575.00 |
||
| 037 |
_bPragati _adpl |
||
| 100 | _aVenkata Ratnam, C.S. | ||
| 245 |
_aIndustrial Relations / _cby C.S. Venkata Ratnam, |
||
| 260 |
_c2015 (rp) _aNew Delhi _bOxford University Press |
||
| 270 |
_aYMCA Library Building, 1, Jai Singh Road, _bNew Delhi _e110001 |
||
| 300 |
_c24cm(pbk) _axix, 747 p. _bill. |
||
| 942 |
_cEN _2ddc |
||
| 999 |
_c101890 _d101890 |
||